Wszyscy zawodnicy BOP (Bitwa o Południe) - Statystyki

Ogólne statystyki
  • Ten quiz został rozwiązany 70 razy
  • Średni wynik to 82 z 120
Statystyki odpowiedzi
Odpowiedź % Poprawnych
Filipek
96%
Milu
96%
Bober
93%
Edzio
93%
Koro
89%
Narys
89%
Recha
86%
Spartiak
86%
Kaz
82%
Manu
82%
Yowee
82%
Quebonafide
79%
Szyderca
79%
Wudo
79%
Feranzo
71%
Peus
71%
Pukuś
71%
Babinci
64%
Koziołek
64%
Ksywa
64%
Matis
64%
Rafi
64%
Cerber
61%
Felix
61%
Ryba
61%
Wawrzyn
61%
Jaskier
57%
Cybuch
54%
Kurian
54%
Will Spliff
54%
Czeski
50%
Tymin
50%
Bonazinho
46%
Konrad
46%
Yachu
43%
Furmi
39%
Pejter
39%
Barti
32%
Cztery
32%
Elpe
32%
Oset
29%
Wueno
29%
Bilu
25%
Iwo
21%
Kałach
18%
Skopek
18%
Turbos
18%
Forti
14%
Buczi
11%
Gała
11%
Nie znaleziono quizów pasujących do podanych kryteriów
Rozkład punktacji
Procent ludzi z każdym wynikiem
Percentyl według liczby udzielonych odpowiedzi
Twoja historia wyników
Nie rozwiązałeś tego quizu